| 000 | 00445nam a2200181Ia 4500 | ||
|---|---|---|---|
| 005 | 20250423094449.0 | ||
| 008 | 250422s9999 xx 000 0 und d | ||
| 020 | _a9780197564912 | ||
| 050 | _aQP 341 .R83/ | ||
| 100 | _aRubenstein, Dustin R | ||
| 245 | 0 | _aAnimal behavior | |
| 260 | _aBoca Raton | ||
| 260 | _bCRC | ||
| 260 | _c2023 | ||
| 300 | _a22 p | ||
| 650 | _aAnimal behavior Neurochemistry Biochemistry of behavior | ||
| 942 | _cBK | ||
| 999 |
_c27315 _d27315 |
||